Psicología evolutiva del niño y el adolescente / (Record no. 104695)

MARC details
000 -LEADER
campo de control de longitud fija 00674nam a2200217 i 4500
001 - NÚMERO DE CONTROL
campo de control 104695
003 - IDENTIFICADOR DE NÚMERO DE CONTROL
campo de control ES-MaACL
005 - FECHA Y HORA DE LA ÚLTIMA TRANSACCIÓN
campo de control 20250907063100.0
007 - CAMPO FIJO DE DESCRIPCIÓN FÍSICA--INFORMACIÓN GENERAL
campo de control de longitud fija t|
008 - DATOS DE LONGITUD FIJA--INFORMACIÓN GENERAL
campo de control de longitud fija 051207s1945 ag ||||1| spa d
100 1# - ENTRADA PRINCIPAL--NOMBRE DE PERSONA
Nombre de persona Mira y López, Emilio,
Fechas asociadas al nombre 1896-1964
9 (RLIN) 81461
245 10 - MENCIÓN DEL TÍTULO
Título Psicología evolutiva del niño y el adolescente /
Mención de responsabilidad, etc. Emilio Mira y López.
250 ## - MENCION DE EDICION
Mención de edición [3ª ed.].
260 ## - PUBLICACIÓN, DISTRIBUCIÓN, ETC.
Lugar de publicación, distribución, etc. Buenos Aires :
Nombre del editor, distribuidor, etc. El Ateneo,
Fecha de publicación, distribución, etc. 1945.
300 ## - DESCRIPCIÓN FÍSICA
Extensión 282 p. :
Otras características físicas il. ;
Dimensiones 22 cm.
490 1# - MENCIÓN DE SERIE
Mención de serie Cultura universal
650 07 - PUNTO DE ACCESO ADICIONAL DE MATERIA--TÉRMINO DE MATERIA
Término de materia o nombre geográfico como elemento de entrada Psicología evolutiva
Fuente del encabezamiento o término embne
9 (RLIN) 16563
830 0# - PUNTO DE ACCESO ADICIONAL DE SERIE-TÍTULO UNIFORME
Título uniforme Cultura universal
9 (RLIN) 182279
852 ## - LOCALIZACIÓN
Ubicación ES-MaACL
Número de control de estantería C-3930
Sublocalización o colección R.23666
Holdings
Estatus retirado Estado de pérdida Estado de daño No para préstamo Biblioteca de origen Biblioteca actual Ubicación en estantería Fecha de adquisición Fuente de adquisición Total de préstamos Signatura topográfica completa Código de barras Visto por última vez Precio de reemplazo Tipo de ítem Koha
        Biblioteca del Ateneo de Madrid Biblioteca del Ateneo de Madrid Sala Palomar 17/01/2008     C-3930 1109306 23/02/2023 23/02/2023 Libro impreso